养育男孩 / (Record no. 10033)
[ view plain ]
| 000 -LEADER | |
|---|---|
| fixed length control field | 00826nam a22001817a 4500 |
| 001 - CONTROL NUMBER | |
| control field | 10033 |
| 003 - CONTROL NUMBER IDENTIFIER | |
| control field | FISKH |
| 005 - DATE AND TIME OF LATEST TRANSACTION | |
| control field | 20260401101640.0 |
| 008 - FIXED-LENGTH DATA ELEMENTS--GENERAL INFORMATION | |
| fixed length control field | 260331b cb ||||| |||| 00| 0 eng d |
| 020 ## - INTERNATIONAL STANDARD BOOK NUMBER | |
| International Standard Book Number | 9787555714538 |
| 040 ## - CATALOGING SOURCE | |
| Original cataloging agency | FISKH |
| Language of cataloging | chi |
| Transcribing agency | FISKH |
| Modifying agency | FISKH |
| 100 ## - MAIN ENTRY--PERSONAL NAME | |
| Personal name | 朱莉娅编著 |
| 245 ## - TITLE STATEMENT | |
| Title | 养育男孩 / |
| Statement of responsibility, etc. | 朱莉娅编著 |
| 300 ## - PHYSICAL DESCRIPTION | |
| Extent | 182 pages : |
| Other physical details | illustrations ; |
| Dimensions | 21 cm . |
| 520 ## - SUMMARY, ETC. | |
| Summary, etc. | 本书是一本家庭教育类图书,通过对大量家庭教育情景案例的分析和解读,总结出养育男孩中的重点与难点问题,并提出了解决这些问题的方法和技巧.在本书当中,作者告诉父母们该如何在跟孩子的日常交往中运用正面语言滋养孩子的心灵,帮助孩子成为一位独立,有担当,有领导力的男子汉<br/> |
| 942 ## - ADDED ENTRY ELEMENTS (KOHA) | |
| Source of classification or shelving scheme | Dewey Decimal Classification |
| Koha item type | Chinese Book |
| Suppress in OPAC | No |
| Withdrawn status | Lost status | Source of classification or shelving scheme | Damaged status | Not for loan | Collection | Home library | Current library | Shelving location | Date acquired | Total Checkouts | Full call number | Barcode | Date last seen | Price effective from | Koha item type |
|---|---|---|---|---|---|---|---|---|---|---|---|---|---|---|---|
| Dewey Decimal Classification | Reference | Footprints International School Library Network Toul Tom Poung Campus | Footprints International School Library Network Toul Tom Poung Campus | Librarian's Shelf TTP | 03/31/2026 | 朱莉娅编著 | 2026-0412 | 03/31/2026 | 03/31/2026 | Books |
